Differentialrechnung für Funktionen mit mehreren Variablen

Uložené v:
Podrobná bibliografia
Hlavný autor: Harbarth, Klaus
Ďalší autori: Riedrich, Thomas, Schirotzek, Winfried
Médium: Kniha
Vydavateľské údaje: Leipzig Teubner Verlagsgesellschaft 1984
Vydanie:4. Aufl.
Edícia:Mathematik für Ingenieure, Naturwissenschaftler, Ökonomen und Landwirte Bd. 4
Tagy: Pridať tag
Žiadne tagy, Buďte prvý, kto otaguje tento záznam!

MARC

LEADER 00000nam a2200000 4500
001 c112652
005 20041019155153.5
041 0 |a GER 
044 |a DE 
245 1 0 |a Differentialrechnung für Funktionen mit mehreren Variablen  |c Klaus Harbarth, Thomas Riedrich, Winfried Schirotzek 
250 |a 4. Aufl. 
264 1 |a Leipzig  |b Teubner Verlagsgesellschaft  |c 1984 
300 |a 164 s. 
490 1 |a Mathematik für Ingenieure, Naturwissenschaftler, Ökonomen und Landwirte  |v Bd. 4 
830 0 |a Mathematik für Ingenieure, Naturwissenschaftler, Ökonomen und Landwirte  |v Bd. 4 
100 1 |a Harbarth, Klaus 
700 1 |a Riedrich, Thomas 
700 1 |a Schirotzek, Winfried